| 000 | 00685cgm a22002411 4500 | ||
|---|---|---|---|
| 001 | 0000002545 | ||
| 005 | 20151217161725.0 | ||
| 007 | vf cbahou | ||
| 008 | 070413s xx --- vleng d | ||
| 020 | _cKES 990 | ||
| 040 |
_aKABU _cKABU |
||
| 050 | 0 |
_aM2198 _b.K46 |
|
| 100 | 1 |
_aKenoly, Ron. _@0000151931 |
|
| 245 | 0 | 0 |
_aSing out with one voice _h[videorecording] : |
| 260 |
_aNashville : _bIntegrity Production, _c[2000] |
||
| 300 | _a1 videocassette (75 min.) | ||
| 538 | _aVHS. | ||
| 650 | 0 |
_aGospel music. _@0000151932 |
|
| 650 | 0 |
_aContemporary Christian music. _@0000151933 |
|
| 908 | _a070413 | ||
| 950 | _@1 | ||
| 999 |
_c15513 _d15513 |
||